[Event "Titled Tuesday intern op 16th Jan Early"]
[Site "Chess.com INT"]
[Date "2024.01.16"]
[Round "2"]
[White "Wesolowska, Hanna"]
[Black "Krishnan, Ritvik"]
[Result "0-1"]
[WhiteElo "1748"]
[BlackElo "2277"]
[PlyCount "100"]
[EventDate "2024.01.16"]
[EventType "swiss (blitz)"]
[EventRounds "11"]
[EventCountry "USA"]
[SourceTitle "CB04_2024"]
[SourceDate "2023.10.16"]
[SourceVersion "1"]
[SourceVersionDate "2023.10.16"]
[SourceQuality "1"]

1. e4 c5 2. Nc3 d6 3. g3 g6 4. Bg2 Bg7 5. d3 Nf6 6. Be3 Nc6 7. h3 Rb8 8. Qd2 b5 9. f4 Bd7 10. Nf3 b4 11. Ne2 a5 12. 0-0 0-0 13. c3 a4 14. g4 a3 15. bxa3 bxc3 16. Nxc3 Qa5 17. Rac1 Qxa3 18. g5 Nh5 19. Nd5 Rb2 20. Rc2 Rxc2 21. Qxc2 Rb8 22. Rb1 Rxb1+ 23. Qxb1 Qa7 24. Qb3 e6 25. Nb6 Be8 26. Nc4 Qc7 27. Qb6 Qxb6 28. Nxb6 Nb4 29. a4 Nxd3 30. a5 Nb4 31. Bf1 Bc6 32. a6 Nc2 33. Kf2 Ng3 34. Kxg3 Nxe3 35. Bd3 c4 36. Nxc4 Nxc4 37. Bxc4 Bxe4 38. Nd2 Bc6 39. a7 Bd4 40. Nb3 Bxa7 41. Na5 Be4 42. Nb3 Be3 43. Bb5 Bc2 44. Na5 Kg7 45. Nc6 h6 46. h4 hxg5 47. hxg5 Bd1 48. Ne7 d5 49. Nc6 Bh5 50. Ne5 Bd4 0-1

[Event "Titled Tuesday intern op 11th Jul Early"]
[Site "Chess.com INT"]
[Date "2023.07.11"]
[Round "2"]
[White "Jimenez Ruano, Adrian"]
[Black "Wesolowska, Hanna"]
[Result "0-1"]
[WhiteElo "2250"]
[BlackElo "1761"]
[PlyCount "164"]
[EventDate "2023.07.11"]
[EventType "swiss (blitz)"]
[EventRounds "11"]
[EventCountry "USA"]
[SourceTitle "EXT 2024"]
[Source "ChessBase"]
[SourceDate "2023.10.10"]
[SourceVersion "1"]
[SourceVersionDate "2023.10.10"]
[SourceQuality "1"]

1. e4 c5 2. Nf3 d6 3. d4 cxd4 4. Nxd4 Nf6 5. Nc3 a6 6. Be3 e6 7. f3 b5 8. Qd2 Bb7 9. 0-0-0 Ke7 10. Be2 Ke8 11. Rhe1 Be7 12. Bf1 Qc7 13. Kb1 Nbd7 14. g4 h6 15. h4 Rc8 16. g5 hxg5 17. hxg5 Nh5 18. g6 e5 19. gxf7+ Kxf7 20. Nf5 g6 21. Nxd6+ Bxd6 22. Qxd6 Qxd6 23. Rxd6 Ndf6 24. Rb6 Rc7 25. a4 bxa4 26. Nxa4 Rhc8 27. Nc5 Bc6 28. Bc4+ Ke7 29. Nxa6 Rb7 30. b3 Rxb6 31. Bxb6 Nd7 32. Be3 Nf4 33. Nb4 Bb7 34. Rh1 Kf6 35. Rh7 Rd8 36. Bb5 Bxe4 37. fxe4 Nf8 38. Bxf4 Nxh7 39. Be3 g5 40. Nd5+ Ke6 41. Bxg5 Nxg5 42. Bd3 Nf3 43. Ne3 Nd2+ 44. Kb2 Nf3 45. Nd5 Ne1 46. Nb4 Nxd3+ 47. cxd3 Rd4 48. Kc3 Kd6 49. Nd5 Kc5 50. b4+ Kb5 51. Nc7+ Kc6 52. Ne6 Rd6 53. Nc5 Kb5 54. Nb3 Rc6+ 55. Nc5 Rc7 56. Kb3 Rc6 57. Ne6 Rxe6 58. Kc3 Rd6 59. Kc2 Rd4 60. Kc3 Rxb4 61. Kd2 Rd4 62. Ke3 Kb4 63. Kf3 Kc3 64. Kg4 Kxd3 65. Kf5 Rxe4 66. Kg5 Kd4 67. Kh5 Re3 68. Kg5 e4 69. Kf4 Rf3+ 70. Kg4 Kd3 71. Kh4 Rf1 72. Kg3 e3 73. Kg2 e2 74. Kh2 Kd2 75. Kh3 e1Q 76. Kg2 Qe2+ 77. Kh3 Rf3+ 78. Kg4 Qe4+ 79. Kg5 Rf5+ 80. Kg6 Qe6+ 81. Kg7 Rf7+ 82. Kg8 Qe8# 0-1

[Event "Titled Tuesday intern op 27th Jun Early"]
[Site "Chess.com INT"]
[Date "2023.06.27"]
[Round "7"]
[White "Wesolowska, Hanna"]
[Black "Floresvillar Gonzalez, Luis Miguel"]
[Result "0-1"]
[WhiteElo "1761"]
[BlackElo "2043"]
[PlyCount "30"]
[EventDate "2023.06.27"]
[EventType "swiss (blitz)"]
[EventRounds "11"]
[EventCountry "USA"]
[SourceTitle "EXT 2024"]
[Source "ChessBase"]
[SourceDate "2023.10.10"]
[SourceVersion "1"]
[SourceVersionDate "2023.10.10"]
[SourceQuality "1"]

1. e4 c6 2. Nc3 d5 3. d4 dxe4 4. Nxe4 Bf5 5. Ng3 Bg6 6. Nh3 Nd7 7. Nf4 e5 8. dxe5 Qa5+ 9. c3 Qxe5+ 10. Be3 Bc5 11. Nxg6 hxg6 12. Qf3 Bxe3 13. Qxe3 Qxe3+ 14. fxe3 Ngf6 15. 0-0-0 0-0-0 0-1

[Event "Titled Tuesday intern op 27th Jun Early"]
[Site "Chess.com INT"]
[Date "2023.06.27"]
[Round "4"]
[White "Wesolowska, Hanna"]
[Black "Shubenkova, Veronika"]
[Result "0-1"]
[WhiteElo "1761"]
[BlackElo "1960"]
[PlyCount "76"]
[EventDate "2023.06.27"]
[EventType "swiss (blitz)"]
[EventRounds "11"]
[EventCountry "USA"]
[SourceTitle "EXT 2024"]
[Source "ChessBase"]
[SourceDate "2023.10.10"]
[SourceVersion "1"]
[SourceVersionDate "2023.10.10"]
[SourceQuality "1"]

1. e4 e6 2. Nc3 d5 3. d4 Nf6 4. Bg5 Be7 5. e5 Nfd7 6. h4 h6 7. Qh5 g6 8. Bxe7 Qxe7 9. Qf3 a6 10. 0-0-0 c5 11. dxc5 Nc6 12. h5 g5 13. Qg3 Ndxe5 14. Re1 f6 15. f4 gxf4 16. Qxf4 Bd7 17. Nf3 0-0-0 18. Na4 Kb8 19. a3 Ka7 20. b4 Nxf3 21. gxf3 e5 22. Qd2 e4 23. Nb6 f5 24. b5 axb5 25. Bxb5 Qxc5 26. Nxd7 Rxd7 27. a4 Re8 28. Re3 d4 29. Rb3 e3 30. Qd3 Ne5 31. Qe2 Nc6 32. Rd1 Rc8 33. Bxc6 Rxc6 34. Kb1 f4 35. Rdd3 Rdd6 36. Rb5 Rb6 37. Rdb3 Rxb5 38. Rb4 Rxb4+ 0-1

[Event "Titled Tuesday intern op 02nd Aug Early"]
[Site "Chess.com INT"]
[Date "2022.08.02"]
[Round "9"]
[White "Wesolowska, Hanna"]
[Black "Gottstein, Claudius Thomas"]
[Result "1-0"]
[WhiteElo "1736"]
[BlackElo "2113"]
[PlyCount "87"]
[EventDate "2022.08.02"]
[EventType "swiss (blitz)"]
[EventRounds "11"]
[EventCountry "USA"]
[SourceTitle "EXT 2023"]
[Source "ChessBase"]
[SourceDate "2022.10.05"]
[SourceVersion "1"]
[SourceVersionDate "2022.10.05"]
[SourceQuality "1"]

1. e4 Nf6 2. Nc3 d5 3. e5 Ne4 4. Nce2 d4 5. c3 Nc6 6. cxd4 b5 7. d3 Nxf2 8. Kxf2 Nxd4 9. Be3 Nf5 10. d4 e6 11. Nf3 Bb7 12. Qd3 a6 13. Ng3 Ne7 14. Be2 Nd5 15. Rhf1 Nb4 16. Qd2 Be7 17. a3 Nd5 18. Kg1 0-0 19. Bf2 b4 20. Rac1 bxa3 21. bxa3 Bxa3 22. Rb1 Rb8 23. Bd3 Qe7 24. Ne4 Bb4 25. Qc2 a5 26. Neg5 g6 27. Ne4 Rfc8 28. Bh4 Qf8 29. Nf6+ Nxf6 30. Bxf6 c5 31. dxc5 Rxc5 32. Qe2 Rc3 33. Be4 Bc5+ 34. Kh1 Re3 35. Qxe3 Bxe3 36. Rxb7 Rxb7 37. Bxb7 Qb4 38. Ba6 Qb6 39. Be2 a4 40. Rd1 a3 41. Bc4 Bd2 42. Rxd2 Qb1+ 43. Ng1 a2 44. Bxa2 1-0

[Event "Titled Tuesday intern op 02nd Aug Early"]
[Site "Chess.com INT"]
[Date "2022.08.02"]
[Round "11"]
[White "Wesolowska, Hanna"]
[Black "Kiseljova, Marya"]
[Result "1-0"]
[WhiteElo "1736"]
[BlackElo "2031"]
[PlyCount "67"]
[EventDate "2022.08.02"]
[EventType "swiss (blitz)"]
[EventRounds "11"]
[EventCountry "USA"]
[SourceTitle "EXT 2023"]
[Source "ChessBase"]
[SourceDate "2022.10.05"]
[SourceVersion "1"]
[SourceVersionDate "2022.10.05"]
[SourceQuality "1"]

1. e4 c5 2. Nc3 Nc6 3. g3 g6 4. Bg2 Bg7 5. d3 d6 6. Be3 e6 7. Qd2 Nd4 8. Nd1 Qb6 9. c3 Nc6 10. Ne2 Nge7 11. Bh6 Bf6 12. h4 d5 13. exd5 Nxd5 14. 0-0 Bd7 15. a4 Na5 16. b4 Nb3 17. Qa2 Nxa1 18. Bxd5 exd5 19. bxc5 Qxc5 20. Qxa1 Bg4 21. Re1 0-0-0 22. Be3 Qa5 23. Nd4 Bxd4 24. Bxd4 Rhe8 25. Ne3 Bf3 26. Rb1 b6 27. Qa3 Rd7 28. Rb5 Qa6 29. Qb4 Qb7 30. a5 Qc7 31. axb6 axb6 32. Bxb6 Qd6 33. Rc5+ Rc7 34. Bxc7 1-0

[Event "Titled Tuesday intern op 26th Jul Early"]
[Site "Chess.com INT"]
[Date "2022.07.26"]
[Round "9"]
[White "Manukian, Artak"]
[Black "Wesolowska, Hanna"]
[Result "0-1"]
[WhiteElo "2196"]
[BlackElo "1736"]
[PlyCount "104"]
[EventDate "2022.07.26"]
[EventType "swiss (blitz)"]
[EventRounds "11"]
[EventCountry "USA"]
[SourceTitle "EXT 2023"]
[Source "ChessBase"]
[SourceDate "2022.10.05"]
[SourceVersion "1"]
[SourceVersionDate "2022.10.05"]
[SourceQuality "1"]

1. e4 c5 2. Nf3 d6 3. Bb5+ Bd7 4. Bxd7+ Nxd7 5. c4 Ngf6 6. Nc3 g6 7. 0-0 Bg7 8. d3 0-0 9. Bg5 h6 10. Bd2 a6 11. a4 b6 12. Rb1 Ne8 13. Qc1 Kh7 14. h4 Nc7 15. h5 Rb8 16. Ne1 b5 17. axb5 axb5 18. b3 bxc4 19. bxc4 Rxb1 20. Qxb1 gxh5 21. f4 Qb8 22. Nf3 Qxb1 23. Rxb1 Rb8 24. Rxb8 Nxb8 25. Ne2 Nc6 26. Kf2 Ne6 27. Ng3 Ned4 28. Nxh5 Nxf3 29. Kxf3 Bd4 30. g4 e6 31. Ng3 Kg6 32. Ke2 Ne7 33. f5+ exf5 34. gxf5+ Kh7 35. Kf3 Nc6 36. Kg4 Ne5+ 37. Kh5 Nxd3 38. Bxh6 Be5 39. Ne2 Nf2 40. Bf8 Nxe4 41. Kg4 Nf6+ 42. Kf3 Nd7 43. Be7 Kg7 44. Ke4 Nb6 45. Kd3 f6 46. Bd8 Nc8 47. Ke4 Kf7 48. Nc1 Ne7 49. Bxe7 Kxe7 50. Kd5 Kd7 51. Nd3 Bd4 52. Nf2 Bxf2 0-1

[Event "Titled Tuesday intern op 12th Jul Early"]
[Site "Chess.com INT"]
[Date "2022.07.12"]
[Round "3"]
[White "Espinosa Veloz, Ermes"]
[Black "Wesolowska, Hanna"]
[Result "0-1"]
[WhiteElo "2496"]
[BlackElo "1736"]
[PlyCount "88"]
[EventDate "2022.07.12"]
[EventType "swiss (blitz)"]
[EventRounds "11"]
[EventCountry "USA"]
[SourceTitle "EXT 2023"]
[Source "ChessBase"]
[SourceDate "2022.10.05"]
[SourceVersion "1"]
[SourceVersionDate "2022.10.05"]
[SourceQuality "1"]

1. e4 c5 2. Nf3 d6 3. d4 cxd4 4. Nxd4 Nf6 5. Nc3 a6 6. Rg1 b5 7. g3 Bb7 8. f3 e6 9. g4 h6 10. Be3 Be7 11. Qd2 Nbd7 12. h4 Rc8 13. g5 hxg5 14. hxg5 Nh5 15. g6 e5 16. gxf7+ Kxf7 17. Nf5 g6 18. Nh6+ Rxh6 19. Bxh6 Bh4+ 20. Kd1 Qf6 21. Kc1 b4 22. Nd5 Bxd5 23. Qxd5+ Ke7 24. Qd2 Nf4 25. Bxf4 exf4 26. Bh3 Ne5 27. Bxc8 Nxf3 28. Qd1 Nxg1 29. Qxg1 f3 30. Bxa6 Bg5+ 31. Kb1 f2 32. Qf1 Qd4 33. a4 Bf6 34. Ra2 Qd2 35. Qc1 Qe1 36. Ra1 Bg5 37. Qxe1 fxe1Q+ 38. Ka2 Qxe4 39. Bd3 Qd4 40. a5 Bf6 41. Rb1 Qc5 42. a6 Qd5+ 43. c4 bxc3+ 44. b3 Qxd3 0-1

[Event "Titled Tuesday intern op 12th Jul Early"]
[Site "Chess.com INT"]
[Date "2022.07.12"]
[Round "9"]
[White "Ramirez, Vido Robert"]
[Black "Wesolowska, Hanna"]
[Result "1-0"]
[WhiteElo "2104"]
[BlackElo "1736"]
[PlyCount "177"]
[EventDate "2022.07.12"]
[EventType "swiss (blitz)"]
[EventRounds "11"]
[EventCountry "USA"]
[SourceTitle "EXT 2023"]
[Source "ChessBase"]
[SourceDate "2022.10.05"]
[SourceVersion "1"]
[SourceVersionDate "2022.10.05"]
[SourceQuality "1"]

1. Nf3 Nf6 2. g3 c5 3. Bg2 g6 4. 0-0 Bg7 5. d3 0-0 6. e4 d6 7. Re1 Nc6 8. Nc3 a6 9. a4 Rb8 10. Nd5 Bg4 11. h3 Bxf3 12. Qxf3 Nd4 13. Qd1 b5 14. axb5 axb5 15. c3 Nc6 16. d4 cxd4 17. Ra6 Rc8 18. Nxf6+ Bxf6 19. Rxc6 Rxc6 20. e5 dxe5 21. Bxc6 Qc8 22. Bxb5 Qxh3 23. Bf1 Qc8 24. Bh6 Rd8 25. Qd2 e4 26. cxd4 Rxd4 27. Rc1 Qd8 28. Qc2 Bg7 29. Bxg7 Kxg7 30. Bg2 f5 31. Qc3 Kh6 32. b4 Qd6 33. b5 Rb4 34. Qc6 Qd2 35. Rf1 Qb2 36. Qe6 Rxb5 37. Qxe7 Rb7 38. Qh4+ Kg7 39. Rd1 Qc2 40. Qd8 Rf7 41. Qd4+ Kh6 42. Bf1 Rc7 43. Qe3+ Kg7 44. Qd4+ Kh6 45. Kg2 Qc6 46. Be2 Qe6 47. Rh1+ Kg5 48. Qe3+ Kf6 49. Qd4+ Qe5 50. Qxe5+ Kxe5 51. Rb1 h5 52. Rb5+ Kf6 53. Rb6+ Kg7 54. Bb5 Rc2 55. Re6 Rb2 56. Bc4 g5 57. Re7+ Kf6 58. Rf7+ Kg6 59. Rf8 Rc2 60. Rc8 e3 61. Bf7+ Kxf7 62. Rxc2 f4 63. fxe3 fxg3 64. Re2 h4 65. e4 Ke6 66. e5 g4 67. Re4 Kf5 68. e6 Kxe4 69. e7 Kf4 70. e8Q h3+ 71. Kg1 Kf3 72. Qf7+ Ke3 73. Qe6+ Kf3 74. Qf5+ Ke3 75. Qxg4 h2+ 76. Kg2 h1Q+ 77. Kxh1 Kf2 78. Qf4+ Ke2 79. Qxg3 Kf1 80. Kh2 Ke2 81. Qf4 Ke1 82. Qf3 Kd2 83. Kg3 Ke1 84. Kf4 Kd2 85. Qe3+ Kd1 86. Qf2 Kc1 87. Ke3 Kd1 88. Kd3 Kc1 89. Qc2# 1-0

[Event "Titled Tuesday intern op 12th Apr Early"]
[Site "Chess.com INT"]
[Date "2022.04.12"]
[Round "5"]
[White "Mikhalsky, Vladimir"]
[Black "Wesolowska, Hanna"]
[Result "1-0"]
[WhiteElo "2269"]
[BlackElo "1744"]
[PlyCount "95"]
[EventDate "2022.04.12"]
[EventType "swiss (blitz)"]
[EventRounds "11"]
[EventCountry "USA"]
[SourceTitle "CBM 207 Extra"]
[Source "ChessBase"]
[SourceDate "2022.05.31"]
[SourceVersion "1"]
[SourceVersionDate "2022.05.31"]
[SourceQuality "1"]

1. e4 c5 2. Nf3 d6 3. Bb5+ Bd7 4. Bxd7+ Qxd7 5. c4 g6 6. d4 cxd4 7. Nxd4 Bg7 8. Nc3 Nf6 9. f3 0-0 10. 0-0 Nc6 11. Be3 Rac8 12. b3 a6 13. Na4 Qd8 14. Rc1 Nxd4 15. Bxd4 b5 16. Nb6 Rc6 17. Nd5 Nxd5 18. Bxg7 Ne3 19. Qd4 Nxf1 20. Bxf8 Qxf8 21. Kxf1 Qc8 22. Ke2 bxc4 23. bxc4 Rc5 24. Rc2 Qc7 25. Kd3 Qa5 26. Qc3 Qc7 27. Rb2 e5 28. Rb4 Qe7 29. Ke2 Qh4 30. h3 Qg3 31. Kf1 Qh2 32. Kf2 Qh1 33. Qe1 Qh2 34. Qc1 Kg7 35. Rb6 h5 36. Rxd6 h4 37. Rd5 Qg3+ 38. Kf1 Rc6 39. c5 Qh2 40. Qe1 Qf4 41. Qc3 f6 42. Rd6 Rc7 43. c6 Kh6 44. Rd7 Rc8 45. c7 Qh2 46. Rd8 Qh1+ 47. Kf2 Rxc7 48. Qxc7 1-0

[Event "Titled Tuesday intern op 12th Apr Early"]
[Site "Chess.com INT"]
[Date "2022.04.12"]
[Round "1"]
[White "Wesolowska, Hanna"]
[Black "Ozer, Omer Faruk"]
[Result "0-1"]
[WhiteElo "1744"]
[BlackElo "2317"]
[PlyCount "66"]
[EventDate "2022.04.12"]
[EventType "swiss (blitz)"]
[EventRounds "11"]
[EventCountry "USA"]
[SourceTitle "CBM 207 Extra"]
[Source "ChessBase"]
[SourceDate "2022.05.31"]
[SourceVersion "1"]
[SourceVersionDate "2022.05.31"]
[SourceQuality "1"]

1. e4 e5 2. Nf3 Nc6 3. d4 exd4 4. Bc4 Nf6 5. e5 Ne4 6. 0-0 Be7 7. Re1 Nc5 8. Nxd4 Nxd4 9. Qxd4 0-0 10. Nc3 c6 11. Ne4 Nxe4 12. Qxe4 d5 13. exd6 Bxd6 14. Bd3 g6 15. Bh6 Bf5 16. Qf3 Bxh2+ 17. Kxh2 Qh4+ 18. Kg1 Qxh6 19. Bxf5 gxf5 20. Qxf5 Rad8 21. Re3 Rd6 22. Rh3 Qg7 23. Re1 Rg6 24. g3 Qxb2 25. Re5 Rd8 26. Rxh7 Qc1+ 27. Kg2 Kxh7 28. Qxf7+ Kh6 29. Re7 Rh8 30. Qf5 Qg5 31. Qh3+ Qh5 32. Qd7 Qd5+ 33. Qxd5 cxd5 0-1

[Event "Titled Tuesday intern op 05th Apr Late"]
[Site "Chess.com INT"]
[Date "2022.04.05"]
[Round "1"]
[White "Koziorowicz, Michal"]
[Black "Wesolowska, Hanna"]
[Result "1-0"]
[WhiteElo "2231"]
[BlackElo "1744"]
[PlyCount "89"]
[EventDate "2022.04.05"]
[EventType "swiss (blitz)"]
[EventRounds "11"]
[EventCountry "USA"]
[SourceTitle "CBM 207 Extra"]
[Source "ChessBase"]
[SourceDate "2022.05.31"]
[SourceVersion "1"]
[SourceVersionDate "2022.05.31"]
[SourceQuality "1"]

1. e4 c5 2. Nf3 d6 3. Bb5+ Bd7 4. Bxd7+ Qxd7 5. 0-0 Nf6 6. Re1 Nc6 7. c3 g6 8. d4 cxd4 9. cxd4 Bg7 10. Nc3 0-0 11. Bg5 Rac8 12. h3 h6 13. Bh4 g5 14. Bg3 Nh5 15. d5 Nb4 16. a3 Nxg3 17. axb4 Nh5 18. Rxa7 Nf4 19. Nd4 Rc4 20. Nf5 Rxb4 21. Na2 Rxb2 22. Nxg7 Rxa2 23. Rxa2 Kxg7 24. Qd4+ Kh7 25. Rb1 Ra8 26. Rab2 Ra4 27. Qe3 b5 28. Rxb5 Ra1 29. Rxa1 Qxb5 30. g3 Nxh3+ 31. Kg2 g4 32. Ra7 Qb2 33. Rc7 Qf6 34. Rc2 Ng5 35. Qf4 Qd4 36. Qxg4 Qxe4+ 37. Qxe4+ Nxe4 38. Re2 Nf6 39. Rxe7 Nxd5 40. Rxf7+ Kg6 41. Rd7 Nc3 42. Rxd6+ Kg5 43. Kf3 h5 44. Rc6 Nb5 45. Rc5+ 1-0

[Event "Titled Tuesday intern op 05th Apr Late"]
[Site "Chess.com INT"]
[Date "2022.04.05"]
[Round "4"]
[White "Papp, Levente"]
[Black "Wesolowska, Hanna"]
[Result "1-0"]
[WhiteElo "2399"]
[BlackElo "1744"]
[PlyCount "83"]
[EventDate "2022.04.05"]
[EventType "swiss (blitz)"]
[EventRounds "11"]
[EventCountry "USA"]
[SourceTitle "CBM 207 Extra"]
[Source "ChessBase"]
[SourceDate "2022.05.31"]
[SourceVersion "1"]
[SourceVersionDate "2022.05.31"]
[SourceQuality "1"]

1. g3 Nf6 2. Bg2 g6 3. c4 Bg7 4. Nc3 0-0 5. e4 d6 6. Nge2 c5 7. 0-0 Nc6 8. d3 Re8 9. Rb1 Nd4 10. a3 Rb8 11. b4 e5 12. Nxd4 cxd4 13. Nd5 Be6 14. Bg5 Bxd5 15. cxd5 h6 16. Bd2 Rc8 17. Qa4 a6 18. Rfc1 Qd7 19. Qxd7 Nxd7 20. Bh3 Rxc1+ 21. Rxc1 Nb6 22. Rc7 Rb8 23. f4 Na4 24. fxe5 Bxe5 25. Bxh6 Nb2 26. Bf1 b6 27. Bf4 f6 28. Kf2 a5 29. b5 Nd1+ 30. Ke1 Nc3 31. Bh3 Bxf4 32. gxf4 Nxb5 33. Rc6 Kf7 34. Be6+ Ke7 35. a4 Nc3 36. Rc7+ Ke8 37. Rg7 Rd8 38. Rxg6 Nxa4 39. h4 Ke7 40. Rg7+ Ke8 41. Rf7 Nc3 42. h5 1-0

[Event "Titled Tuesday intern op 05th Apr Late"]
[Site "Chess.com INT"]
[Date "2022.04.05"]
[Round "6"]
[White "Wesolowska, Hanna"]
[Black "Reprintsev, Alexander"]
[Result "0-1"]
[WhiteElo "1744"]
[BlackElo "2353"]
[PlyCount "96"]
[EventDate "2022.04.05"]
[EventType "swiss (blitz)"]
[EventRounds "11"]
[EventCountry "USA"]
[SourceTitle "CBM 207 Extra"]
[Source "ChessBase"]
[SourceDate "2022.05.31"]
[SourceVersion "1"]
[SourceVersionDate "2022.05.31"]
[SourceQuality "1"]

1. e4 d5 2. Nc3 d4 3. Nce2 c5 4. Ng3 Qa5 5. Bc4 Nc6 6. Nf3 h5 7. h4 Bg4 8. 0-0 e6 9. c3 b5 10. Bb3 c4 11. Bc2 d3 12. Bb1 Qb6 13. a4 b4 14. cxb4 Bxb4 15. b3 cxb3 16. Qxb3 Bxf3 17. gxf3 Be7 18. Qxd3 Bxh4 19. Kg2 Rd8 20. Qb5 Bf6 21. Ra2 h4 22. Qxb6 axb6 23. Rh1 Nge7 24. Ba3 Ng6 25. Ne2 Nd4 26. Bd3 Nxe2 27. Bxe2 Nf4+ 28. Kf1 Be7 29. Bb5+ Kf8 30. Bxe7+ Kxe7 31. Rc2 Kf6 32. Ke1 h3 33. Rh2 Rd4 34. Rc4 Rhd8 35. Rxd4 Rxd4 36. Kd1 e5 37. Kc2 Kg5 38. Kc3 Kh4 39. Rh1 g6 40. Rh2 f5 41. Bc6 Ne2+ 42. Kc2 Rc4+ 43. Kd3 Rxc6 44. Kxe2 f4 45. Rh1 Rc4 46. Kd3 Rxa4 47. Kc3 Ra3+ 48. Kc2 Rxf3 0-1

[Event "Titled Tuesday intern op 05th Apr Late"]
[Site "Chess.com INT"]
[Date "2022.04.05"]
[Round "2"]
[White "Wesolowska, Hanna"]
[Black "Riehle, Marco"]
[Result "1-0"]
[WhiteElo "1744"]
[BlackElo "2341"]
[PlyCount "111"]
[EventDate "2022.04.05"]
[EventType "swiss (blitz)"]
[EventRounds "11"]
[EventCountry "USA"]
[SourceTitle "CBM 207 Extra"]
[Source "ChessBase"]
[SourceDate "2022.05.31"]
[SourceVersion "1"]
[SourceVersionDate "2022.05.31"]
[SourceQuality "1"]

1. e4 e5 2. Nf3 Nf6 3. Nxe5 Nxe4 4. Nc3 Qe7 5. Qe2 Qxe5 6. Qxe4 Qxe4+ 7. Nxe4 d5 8. Nc3 c6 9. Be2 Bf5 10. d3 Nd7 11. Bf4 Bc5 12. 0-0 0-0 13. a3 Rfe8 14. Bf3 Re7 15. Rfe1 Rae8 16. Kf1 h6 17. Rxe7 Rxe7 18. Re1 Kf8 19. Rxe7 Kxe7 20. h3 Bd6 21. Bxd6+ Kxd6 22. Ke2 a6 23. Bg4 Bxg4+ 24. hxg4 c5 25. f4 b5 26. Kf3 f6 27. g3 g5 28. Nd1 a5 29. Ne3 b4 30. Nf5+ Ke6 31. Nxh6 c4 32. dxc4 dxc4 33. axb4 axb4 34. Nf5 Nc5 35. Ne3 c3 36. bxc3 bxc3 37. Nd1 Na4 38. Ke4 Nc5+ 39. Kd4 Kd6 40. Nxc3 Nd7 41. Ne4+ Ke6 42. fxg5 fxg5 43. Nxg5+ Kf6 44. Ne4+ Kg6 45. c4 Nf8 46. Ke5 Nd7+ 47. Kd6 Nb6 48. c5 Nc4+ 49. Ke6 Kg7 50. c6 Nb6 51. c7 Kh7 52. Ke7 Nd5+ 53. Kd8 Kg7 54. c8Q Nf6 55. Nxf6 Kh8 56. Nh7 1-0

[Event "Titled Tuesday intern op 05th Apr Late"]
[Site "Chess.com INT"]
[Date "2022.04.05"]
[Round "5"]
[White "Wesolowska, Hanna"]
[Black "Stoenescu, Radu"]
[Result "1-0"]
[WhiteElo "1744"]
[BlackElo "2100"]
[PlyCount "105"]
[EventDate "2022.04.05"]
[EventType "swiss (blitz)"]
[EventRounds "11"]
[EventCountry "USA"]
[SourceTitle "CBM 207 Extra"]
[Source "ChessBase"]
[SourceDate "2022.05.31"]
[SourceVersion "1"]
[SourceVersionDate "2022.05.31"]
[SourceQuality "1"]

1. e4 c5 2. Nc3 a6 3. g3 b5 4. Bg2 Bb7 5. d3 e6 6. Be3 Nf6 7. Nge2 Qc7 8. h3 b4 9. Nb1 d5 10. exd5 Bxd5 11. 0-0 Bd6 12. Nf4 Bxg2 13. Kxg2 0-0 14. Nd2 Be5 15. Nc4 Bd4 16. Qf3 Nc6 17. c3 bxc3 18. bxc3 Bxc3 19. Bxc5 Bxa1 20. Bxf8 Rxf8 21. Rxa1 Nd4 22. Qe3 Qc6+ 23. f3 Rd8 24. Rc1 Qa4 25. Qf2 h6 26. h4 Qc6 27. Qe3 Ng4 28. Qe4 Qxe4 29. dxe4 Nf6 30. Rd1 Nc6 31. Rxd8+ Nxd8 32. Nd3 Nb7 33. Nb4 a5 34. Nc6 a4 35. Nb6 Nc5 36. Kf2 Nfd7 37. Nxd7 Nxd7 38. Ke3 Kf8 39. Kd4 Ke8 40. Kc4 Nb6+ 41. Kb5 Nc8 42. Kxa4 Kd7 43. Ne5+ Ke7 44. Kb5 f6 45. Nc6+ Kd6 46. a4 f5 47. a5 fxe4 48. fxe4 g5 49. hxg5 hxg5 50. a6 g4 51. e5+ Kd5 52. Ne7+ Nxe7 53. a7 1-0

[Event "Titled Tuesday intern op 17th Aug"]
[Site "Chess.com INT"]
[Date "2021.08.17"]
[Round "5"]
[White "Muromtsev, Arthur"]
[Black "Wesolowska, Hanna"]
[Result "1-0"]
[WhiteElo "2161"]
[BlackElo "1778"]
[PlyCount "47"]
[EventDate "2021.08.17"]
[EventType "swiss (blitz)"]
[EventRounds "11"]
[EventCountry "USA"]
[SourceTitle "EXT 2022"]
[Source "ChessBase"]
[SourceDate "2021.10.06"]
[SourceVersion "1"]
[SourceVersionDate "2021.10.06"]
[SourceQuality "1"]

1. e4 c5 2. b3 Nf6 3. e5 Nd5 4. Bb2 e6 5. Nf3 Nc6 6. Nc3 Nxc3 7. dxc3 d5 8. exd6 Qxd6 9. Bd3 b6 10. Qe2 Bb7 11. 0-0-0 Qc7 12. Kb1 Be7 13. h4 a5 14. a4 Bf6 15. Ng5 Ne5 16. Bb5+ Ke7 17. Rhe1 Rad8 18. Rxd8 Rxd8 19. c4 Rd4 20. Bxd4 cxd4 21. f4 d3 22. cxd3 Nc6 23. Nxe6 fxe6 24. Qxe6+ 1-0

[Event "Titled Tuesday intern op 17th Aug"]
[Site "Chess.com INT"]
[Date "2021.08.17"]
[Round "4"]
[White "Sai, Krishna GV"]
[Black "Wesolowska, Hanna"]
[Result "0-1"]
[WhiteElo "2405"]
[BlackElo "1778"]
[PlyCount "60"]
[EventDate "2021.08.17"]
[EventType "swiss (blitz)"]
[EventRounds "11"]
[EventCountry "USA"]
[SourceTitle "EXT 2022"]
[Source "ChessBase"]
[SourceDate "2021.10.06"]
[SourceVersion "1"]
[SourceVersionDate "2021.10.06"]
[SourceQuality "1"]

1. e4 c5 2. Nf3 d6 3. Nc3 Nf6 4. d4 cxd4 5. Nxd4 a6 6. Bg5 e6 7. f4 Qb6 8. Qd2 Be7 9. 0-0-0 h6 10. Bh4 Nc6 11. Bxf6 gxf6 12. Be2 Nxd4 13. Qxd4 Qxd4 14. Rxd4 Bd7 15. Bh5 Rg8 16. g4 Bc6 17. Rhd1 Rc8 18. f5 e5 19. R4d3 b5 20. b4 Bb7 21. Kb2 Rc4 22. Kb3 Bxe4 23. Rxd6 Bxd6 24. Rxd6 Ke7 25. Rxa6 Rgc8 26. Nxb5 Bxc2+ 27. Kb2 Rxb4+ 28. Ka3 Rxb5 29. Ra7+ Kd6 30. Bxf7 Rc3+ 0-1

[Event "POL-chT 2nd League"]
[Site "Szklarska Poreba"]
[Date "2017.09.05"]
[Round "4.4"]
[White "Wesolowska, Hanna"]
[Black "Buchta, Agnieszka"]
[Result "1/2-1/2"]
[WhiteElo "1950"]
[BlackElo "1835"]
[PlyCount "88"]
[EventDate "2017.09.02"]
[EventType "team-swiss"]
[EventRounds "9"]
[EventCountry "POL"]
[SourceTitle "CBM 180 Extra"]
[Source "ChessBase"]
[SourceDate "2017.10.06"]
[SourceVersion "1"]
[SourceVersionDate "2017.10.06"]
[SourceQuality "1"]
[WhiteTeam "Nowy Sacz Sandecja"]
[BlackTeam "Jastrzebie Zdroj Pionier"]
[WhiteTeamCountry "POL"]
[BlackTeamCountry "POL"]

1. d4 e6 2. Nf3 d5 3. Bg5 Be7 4. Bxe7 Qxe7 5. Nbd2 Nf6 6. e3 c5 7. c3 Nc6 8. Bb5 0-0 9. 0-0 a6 10. Bxc6 bxc6 11. Ne5 Qd6 12. Nd3 Nd7 13. dxc5 Nxc5 14. Nxc5 Qxc5 15. Nb3 Qe7 16. Qd4 e5 17. Qc5 Qf6 18. f4 Bd7 19. fxe5 Qxe5 20. Qd4 Qg5 21. Nc5 Bh3 22. Rf2 Rfe8 23. Re1 Bf5 24. Qf4 Qxf4 25. Rxf4 Bc2 26. g4 Rab8 27. b3 a5 28. Rc1 Bg6 29. Kf2 Rb5 30. b4 axb4 31. cxb4 Be4 32. a3 g5 33. Rf6 Ra8 34. Rc3 Rb6 35. Rd6 Kg7 36. Kg3 Ra7 37. h4 h6 38. Rd8 Rb5 39. Nxe4 dxe4 40. Re8 Ra4 41. Rxc6 Rxa3 42. Rxe4 Rb3 43. hxg5 hxg5 44. Rcc4 Kg6 1/2-1/2